书目信息 |
| 题名: |
现代垄断资本主义政治经济学
|
|
| 作者: | 伊诺泽姆采夫 主编 ;杨庆发 , 王金存 , 马景增 译校 | |
| 分册: | 上册 | |
| 出版信息: | 上海 上海译文出版社 1978.6 |
|
| 页数: | 531页 | |
| 开本: | 19cm | |
| 丛书名: | ||
| 单 册: | ||
| 中图分类: | F089 | |
| 科图分类: | ||
| 主题词: | 经济学 | |
| 电子资源: | ||
| ISBN: | ||
| 000 | 00793nam0 2200241 45 | |
| 001 | 0304111008 | |
| 005 | 20031219104119.8 | |
| 010 | @dCNY1.40 | |
| 091 | @a4188.1 | |
| 100 | @a20030411d1978 km y0chiy0120 ea | |
| 101 | 0 | @arus |
| 105 | @a z 000yy | |
| 200 | 1 | @a现代垄断资本主义政治经济学@AXian Dai Long Duan Zi Ben Zhu Yi Zheng ZhiJing Ji Xue@h上册@f(苏)и·и·伊诺泽姆采夫等主编@F(Su)и·и·Yi Nuo Ze Mu Cai Fu Deng Zhu Bian@g杨庆发,王金存,马景增等译校 |
| 210 | @a上海@c上海译文出版社@d1978.6 | |
| 215 | @a531页@d19cm | |
| 606 | 0 | @a经济学 |
| 690 | @aF089@v3 | |
| 701 | 0 | @a伊诺泽姆采夫@4主编 |
| 702 | 0 | @a杨庆发@AYang Qing Fa@4译校 |
| 702 | 0 | @a王金存@AWang Jin Cun@4译校 |
| 702 | 0 | @a马景增@AMa Jing Zeng@4译校 |
| 801 | @aCN@bTSTC@c20031015 | |
| 905 | @dF089@e1-1@f1@b1210 | |
| 现代垄断资本主义政治经济学.上册/(苏)и·и·伊诺泽姆采夫等主编/杨庆发,王金存,马景增等译校.-上海:上海译文出版社,1978.6 |
| 531页;19cm |
| ISBN :CNY1.40 |
| ● |
| 相关链接 |
|
|
|
|
正题名:现代垄断资本主义政治经济学
索取号:F089/1-1
 
预约/预借
| 序号 | 登录号 | 条形码 | 馆藏地/架位号 | 状态 | 备注 |
| 1 | 0001210 | 001677091 | 密集书库/ [索取号:F089/1-1] | 在馆 |